Digital satellite service: installation and maintenance

Salvato in:
Dettagli Bibliografici
Autore principale: Goodman, Robert L (Autore)
Natura: Libro
Lingua:inglese
Pubblicazione: Nueva York McGraw-Hill 1996
Soggetti:
Tags: Aggiungi Tag
Nessun Tag, puoi essere il primo ad aggiungerne!!

MARC

LEADER 00000nam a2200000 a 4500
001 UCT5064
003 CL-VaPUC
008 961129e19960000US |||||||||||||||||eng|d
082 0 4 |a 621.388  |b GOO  |2 21 
100 0 |a Goodman, Robert L  |e author  |9 374318 
245 1 0 |a Digital satellite service: installation and maintenance 
300 |a 283 p 
942 |c BK 
945 |d 19961129 00:00:00  |a rleighto 
260 |a Nueva York  |b McGraw-Hill  |c 1996 
650 0 |a Televisión  |9 256845 
650 0 |a Telecomunicaciones   |9 257195 
650 0 |a Historia  |9 255047 
650 7 |a TRANSMISION DE INFORMACION  |2 CL-VaPUC  |9 374319 
650 0 |a Comunicación digital   |9 260754 
650 7 |a SATELITES DE COMUNICACION  |2 CL-VaPUC  |9 374320 
650 7 |a ENLACES DE TELECOMUNICACION  |2 CL-VaPUC  |9 374321 
650 7 |a RADIODIFUSION POR SATELITE  |2 CL-VaPUC  |9 374322 
583 |a last modification  |c 19961129 00:00:00  |k Rodrigo Vera 
999 |c 254085  |d 254083 
952 |0 0  |1 0  |4 0  |6 621_388000000000000_GOO_1996  |7 0  |8 A  |9 275466  |a BIBING  |b BIBING  |d 2019-11-19  |i 3253260  |o 621.388 GOO 1996  |p 3253260  |r 2025-01-20  |w 2019-11-19  |y BK  |k EIE